00572cam a22002051 4500001001300000003000400013005001700017008004100034010001700075035002000092040001900112042001200131050001600143060002300159100003700182245006500219260005500284300001000339999001700349med48000428 DLC20260227111609.0810815s1947 xx 000 0 eng  amed48000428  a(OCoLC)14741645 aDLCcDNLMdDLC apremarc00aRM702b.C450 aWB 905bC541i 19471 aChirila, Deonisie Daniel,d1883-14aThe iris-feet-physical diagnosis,binterpreting book aid ... aElkhart, Ind.,bDr. Chirila Health Clinic,cc1947. a94 p. c38886d38886